| 000 | 00926cam a22002178i 4500 | ||
|---|---|---|---|
| 999 |
_c58424 _d58424 |
||
| 001 | 21032092 | ||
| 005 | 20221107113919.0 | ||
| 008 | 190624s2020 nyu b 001 0 eng | ||
| 020 | _a9781138312265x | ||
| 041 | _aeng | ||
| 080 | _a372.2 C-74 | ||
| 245 | 0 | 0 |
_aContemporary challenges in teaching young children : _bmeeting the needs of all students / _c[edited by] Gayle Mindes. |
| 264 | 1 |
_aLondon : _bRoutledge, _c2020. |
|
| 300 |
_a248 pages : _bill.; _c23 cm. |
||
| 653 | _aთანამედროვე გამოწვევები მცირეწლოვან ბავშვების სწავლებაში | ||
| 653 | _aСовременные проблемы в обучении детей раннего возраста | ||
| 653 | _aპედაგოგიკა | ||
| 653 | _aПедагогика | ||
| 700 | 1 |
_aMindes, Gayle _eრედაქტორი _913465 |
|
| 942 |
_2udc _cBK |
||